| 000 | 00526nam a2200205Ia 4500 | ||
|---|---|---|---|
| 008 | 170203s9999 xx 000 0 und d | ||
| 020 | _a1569872392 | ||
| 050 | _aFic | ||
| 050 | _bD176s | ||
| 100 | _aDandi. | ||
| 245 | _aSanta's toy shop / | ||
| 245 | _cwritten by Dandi ; illustrated by Tammie Speer-Lyon. | ||
| 260 | _aAshland, Ohio : | ||
| 260 | _bLandoll's, | ||
| 260 | _c©1995. | ||
| 300 | _a1 volume (unpaged) : | ||
| 300 | _bcolor illustrations ; | ||
| 300 | _c21 cm. | ||
| 650 | _aChristmas stories. | ||
| 999 |
_c306372 _d306372 |
||